Pochoždenija Petuchova : satiričeskije rasskazy /

Hlavní autor: Dychovičnyj, Vladimir Abramovič, 1911-1963
Další autoři: Slobodskoj, Moris Romanovič, 1913-1991
Jazyk: Ruština
Vydáno: Moskva : Pravda, 1954
Edice: Biblioteka Ogonek
Témata:
Fyzický popis: 29 s.
Knihy
Uloženo v:
LEADER 01057nam a22002892a 4500
001 001695164
003 CZ BrMZK
005 20191210072106.0
007 ta
008 190718s1954 ru gr|||||||||j|rus d
040 |a BOA001  |b cze  |e aacr2 
072 7 |a 821.161.1  |x Ruská literatura  |2 Konspekt  |9 25 
080 |a 821.161.1-32  |2 MRF 
080 |a (0:82-323.1)  |2 MRF 
100 1 |a Dychovičnyj, Vladimir Abramovič,  |d 1911-1963  |7 kup19980000024034  |4 aut 
245 1 0 |a Pochoždenija Petuchova :  |b satiričeskije rasskazy /  |c Vladimir Abramovič Dychovičnyj a Moris Romanovič Slobodskoj 
260 |a Moskva :  |b Pravda,  |c 1954 
300 |a 29 s. 
490 1 |a Biblioteka Ogonek ;  |v no. 13 
655 7 |a ruské příběhy  |7 fd131889  |2 czenas 
655 7 |a satirické příběhy  |7 fd133329  |2 czenas 
700 1 |a Slobodskoj, Moris Romanovič,  |d 1913-1991  |7 jx20130920009  |4 aut 
830 0 |a Biblioteka Ogonek 
910 |a BOA001  |b X-0321.360 
990 |a BK 
991 |b 201907 
996 7 |b 2618802205  |c X-0321.360  |l MZK  |r Sklad / do 24 hodin  |n 0  |w 001736244  |u 000010  |a 1  |e BOA001  |j MZK50  |s A